NATURAL DRUG TECHNOLOGY (SEM-VII) (Record no. 5913)

MARC details
000 -LEADER
fixed length control field 00496nam a22001817a 4500
005 - DATE AND TIME OF LATEST TRANSACTION
control field 20240109140027.0
008 - FIXED-LENGTH DATA ELEMENTS--GENERAL INFORMATION
fixed length control field 190603b xxu||||| |||| 00| 0 eng d
020 ## - INTERNATIONAL STANDARD BOOK NUMBER
ISBN 978-93-87397-47-7
041 ## - LANGUAGE CODE
Language code of text/sound track or separate title eng
082 ## - DEWEY DECIMAL CLASSIFICATION NUMBER
Classification number 615.31
Item number GOK-N
100 ## - MAIN ENTRY--AUTHOR NAME
Personal name GOKHALE,S.B PATWARDHA ,SUNETRA AND JOSHI , ADITI KULKARNI
245 ## - TITLE STATEMENT
Title NATURAL DRUG TECHNOLOGY (SEM-VII)
250 ## - EDITION STATEMENT
Edition statement 2nd, ed. 2019
260 ## - PUBLICATION, DISTRIBUTION, ETC. (IMPRINT)
Place of publication PUNE
Name of publisher NIRALI PRAKASHAN
300 ## - PHYSICAL DESCRIPTION
Number of Pages 1.4p,
650 ## - SUBJECT ADDED ENTRY--TOPICAL TERM
Topical Term PHARMACY
General subdivision B.PHARMA
942 ## - ADDED ENTRY ELEMENTS (KOHA)
Koha item type Books
Holdings
Lost status Damaged status Collection code Home library Current library Shelving location Date acquired Source of acquisition Cost, normal purchase price Full call number Accession Number Koha item type
    Reference JRU Library JRU Library SHELF-3-A 03/06/2019 PURCHESS 165.00 615.31 22894 Books
    PHARMACY JRU Library JRU Library SHELF-19-C 10/02/2022 PURCHASE 165.00 615.131 26220 Books
    PHARMACY JRU Library JRU Library SHELF-19-C 10/02/2022 PURCHASE 165.00 615.31 26221 Books
    PHARMACY JRU Library JRU Library SHELF-19-C 10/02/2022 PURCHASE 165.00 615.31 26222 Books